| 000 | 00581cam a2200217ua 4500 | ||
|---|---|---|---|
| 005 | 20250916092746.0 | ||
| 008 | 190315n ii |||gr||||Z||||||eng | ||
| 020 | _a9789380644905 | ||
| 040 | _cMAIN | ||
| 041 | _deng | ||
| 082 |
_a330.0151 _bBAR |
||
| 100 |
_aBaruah, Srinath _eauthor |
||
| 245 |
_aBasic mathematics and its application in economics/ _cby Srinath Baruah |
||
| 250 | _a2nd rep. ed. | ||
| 260 |
_aNew Delhi: _bTrinity press, _c2023. |
||
| 300 | _a488p. | ||
| 650 | _aMathematical economics | ||
| 650 | _aEconometrics | ||
| 653 | _aEconomics | ||
| 942 |
_cBK _2ddc |
||
| 999 |
_c9513 _d9513 |
||